Players with the highest attribute in FIFA 13 - Statistics

General Stats
  • This quiz has been taken 1,695 times
  • The average score is 13 of 33
Answer Stats
Attribute Player Rating % Correct
Reactions Lionel Messi 95
96%
Attack Positioning Lionel Messi 92
96%
Ball Control Lionel Messi 96
96%
Dribbling Lionel Messi 97
96%
Finishing Lionel Messi 95
96%
GK Reflexes Casillas 92
81%
GK Diving Casillas 91
81%
Vision Xavi 97
69%
Short Pass Xavi 97
69%
Acceleration Theo Walcott 97
65%
Marking Nemanja Vidic 91
46%
Stand Tackle Nemanja Vidic 94
46%
Long Pass Andrea Pirlo 96
42%
Volleys Robin Van Persie 91
42%
Shot Power Steven Gerrard 95
39%
GK Positioning Victor Valdes 91
39%
Strength Adebayo Akinfenwa 96
35%
Heading Accuracy Falcao 95
35%
Sprint Speed Jonathan Biabiany 97
27%
Curve David Beckham 94
25%
Sliding Tackle Phillip Lahm 94
25%
Crossing Angel Di Maria 91
20%
GK Handling Thibaut Courtois 89
20%
GK Kicking Rogerio Ceni 94
9%
Jumping Tim Cahill 96
9%
Interceptions Javier Mascherano 94
8%
Agility Sebastian Giovinco 96
5%
Long Shots Fabio Quagliarella 92
3%
Free Kick Accuracy Sejad Salihovic 91
3%
Penalties Alexander Frei 93
2%
Balance Christian Bermudez 97
1%
Stamina Ivan Estrada 97
1%
Aggression Marcin Wasilewski 96
1%
No matching quizzes found
Score Distribution
Percent of People with Each Score
Percentile by Number Answered
Your Score History
You have not taken this quiz